Exposición de pinturas Sebastián Junyer

Publicado: [Barcelona] : Sala Parés , 1953
Descripción Física: [4] pàgines : il·lustracions en blanc i negre ; 19 x 14 cm
Idioma: Catalán , Español

MARC

LEADER 00000nam a2200000 a 4500
001 24889
003 AGDB
005 20260324181540.0
008 251204b spa||||| |||| 00| 0 cat d
040 |a agdb  |b cat 
041 |a spa 
245 |a Exposición de pinturas Sebastián Junyer 
260 |a [Barcelona] :  |b Sala Parés,  |c [1953] 
300 |a [4] pàgines :  |b il·lustracions en blanc i negre ;  |c 19 x 14 cm 
500 |a Prové del fons Joan Junyer i Pascual (1909-1994) 
500 |a Catàleg de l'exposició celebrada a Sala Parés, Barcelona, del 17 de gener al 2 de febrer de 1953 
505 |a Conté imatges de pintures de Sebastià Junyer i Vidal 
650 |a Fons Joan Junyer i Pascual (1909-1994)  |9 72777 
650 0 |a Art  |x Exposicions   |2 Arxiu  |9 43798 
650 0 |a Art  |x Catàlegs  |9 26592 
650 0 |a Galeries d'art  |x Catàlegs  |9 72877 
655 0 |a Catàlegs d'exposicions  |9 69807 
700 |a Junyer i Vidal, Sebastià,   |d 1879-1967  |9 72862 
710 |a Sala Parés  |9 72861  |e institució d'acollida 
942 |2 udc  |c ARXIU  |n 1 
952 |0 0  |1 0  |2 udc  |4 0  |6 F504173  |7 1  |9 98741  |a Arxiu  |b Arxiu  |d 2025-12-04  |l 0  |o F-504-173  |p 24889  |r 2025-12-04 10:17:25  |w 2025-12-04  |y ARXIU 
952 |0 0  |1 0  |2 udc  |4 0  |6 F504174  |7 1  |9 98743  |a Arxiu  |b Arxiu  |d 2025-12-04  |l 0  |o F-504-174  |p 29091  |r 2025-12-04 13:26:38  |w 2025-12-04  |y ARXIU 
999 |c 130468  |d 130468